[Event "2nd Irena Warakomska Memorial-A"]
[Site "Suwalki"]
[Date "2018.08.03"]
[Round "4"]
[White "Aleksandrov, Aleksej"]
[Black "Kosakowski, Jakub"]
[Result "1-0"]
[WhiteElo "2585"]
[BlackElo "2361"]
[Annotator "RC"]
[PlyCount "127"]
[EventDate "2018.08.01"]
[EventType "swiss"]
[EventCountry "POL"]
[SourceTitle "playchess.com"]
[Source "ChessBase"]
[SourceQuality "1"]
[TimeControl "40/5400+30:1800+30"]

1. d4 {[%emt 0:00:15]} Nf6 {[%emt 0:00:00]} 2. Bg5 {[%emt 0:00:08]} Ne4 {[%emt 0:00:36]} 3. Bf4 {[%emt 0:00:12]} c5 {[%emt 0:00:18]} 4. f3 {[%emt 0:00:20]} Nf6 {[%emt 0:00:10]} 5. d5 {[%emt 0:00:46]} Nh5 {[%emt 0:00:35]} 6. Be3 {[%emt 0:10:23]} e5 {[%emt 0:03:23]} 7. Bf2 {[%emt 0:04:48]} d6 {[%emt 0:00:14]} 8. e4 {[%emt 0:02:04]} Be7 {[%emt 0:00:22]} 9. Nc3 {[%emt 0:04:56]} O-O {[%emt 0:00:31]} 10. h4 {[%emt 0:00:18]} Na6 {[%emt 0:07:28]} 11. Qd2 {[%emt 0:05:28]} Rb8 {[%emt 0:01:33]} 12. Nge2 {[%emt 0:02:07]} g6 {[%emt 0:09:52]} 13. g4 {[%emt 0:09:05]} Ng7 {[%emt 0:00:30]} 14. Ng3 {[%emt 0:02:44]} f5 {[%emt 0:12:33]} 15. gxf5 {[%emt 0:05:33]} gxf5 {[%emt 0:00:09]} 16. exf5 {[%emt 0:00:23]} Nxf5 {[%emt 0:01:02]} 17. O-O-O {[%emt 0:12:35]} Kh8 {[%emt 0:03:24]} 18. Bd3 {[%emt 0:15:22]} Rf7 {[%emt 0:10:08]} 19. Bxf5 {[%emt 0:04:38]} Bxf5 {[%emt 0:01:27]} 20. Nce4 {[%emt 0:00:10]} Qd7 {[%emt 0:02:29]} 21. Be3 {[%emt 0:02:39]} Rg8 {[%emt 0:05:24]} 22. Bg5 {[%emt 0:01:52]} Nc7 {[%emt 0:01:33]} 23. Nxf5 {[%emt 0:06:32]} Rxf5 {[%emt 0:01:50]} 24. f4 {[%emt 0:00:12]} Ne8 {[%emt 0:05:39]} 25. Kb1 {[%emt 0:01:50]} Bxg5 {[%emt 0:01:45]} 26. fxg5 {[%emt 0:00:07]} Rf4 {[%emt 0:00:22]} 27. Rde1 {[%emt 0:00:47]} Qg4 {[%emt 0:02:27]} 28. Rhg1 {[%emt 0:04:53]} Qf5 {[%emt 0:03:06]} 29. Ng3 {[%emt 0:00:08]} Qf7 {[%emt 0:00:23]} 30. Rgf1 {[%emt 0:01:41]} Rf8 {[%emt 0:00:19]} 31. a3 {[%emt 0:00:39]} Nc7 {[%emt 0:00:54]} 32. Qa5 {[%emt 0:01:35]} Nxd5 {[%emt 0:01:02]} 33. Qxa7 {[%emt 0:00:09]} c4 {[%emt 0:02:18]} 34. Rxf4 {[%emt 0:00:45]} Nxf4 {[%emt 0:04:32]} 35. Ne4 {[%emt 0:00:20]} Qd5 {[%emt 0:02:19]} 36. Nf6 {[%emt 0:00:23]} Qb5 {[%emt 0:00:08]} 37. Rd1 {[%emt 0:00:48]} c3 {[%emt 0:00:34]} 38. b3 {[%emt 0:00:05]} Qe2 {[%emt 0:00:52]} 39. Rc1 {[%emt 0:00:10]} Qb5 {[%emt 0:02:45]} 40. Qe3 {[%emt 0:00:00]} Qc6 {[%emt 0:00:00]} 41. Rd1 {[%emt 0:03:19]} Ra8 {[%emt 0:08:20]} 42. Ne4 {[%emt 0:04:27]} Rxa3 {[%emt 0:01:32]} 43. Rxd6 {[%emt 0:08:28]} Qb5 {[%emt 0:01:27]} 44. Rd8+ {[%emt 0:00:23]} Kg7 {[%emt 0:00:20]} 45. Nxc3 {[%emt 0:00:05]} Qa5 {[%emt 0:03:58]} 46. Rd7+ {[%emt 0:03:55]} Kg8 {[%emt 0:01:34]} 47. Kb2 {[%emt 0:03:07]} Ra1 {[%emt 0:00:24]} 48. Na4 {[%emt 0:00:10]} Qe1 {[%emt 0:00:09]} 49. Qxe1 {[%emt 0:00:17]} Rxe1 {[%emt 0:00:05]} 50. Rxb7 {[%emt 0:00:40]} e4 {[%emt 0:00:32]} 51. Nc3 {[%emt 0:00:47]} e3 {[%emt 0:00:44]} 52. Re7 {[%emt 0:00:28]} e2 {[%emt 0:01:17]} 53. b4 {[%emt 0:01:11]} Rh1 {[%emt 0:00:11]} 54. Nxe2 {[%emt 0:00:06]} Re1 {[%emt 0:00:29]} 55. Re4 {[%emt 0:03:16]} Nxe2 {[%emt 0:00:13]} 56. b5 {[%emt 0:00:03]} Rb1+ {[%emt 0:00:20]} 57. Kxb1 {[%emt 0:00:19]} Nc3+ {[%emt 0:00:04]} 58. Kb2 {[%emt 0:00:11]} Nxe4 {[%emt 0:00:05]} 59. b6 {[%emt 0:01:36]} Nc5 {[%emt 0:01:47]} 60. Ka3 {[%emt 0:00:06]} Kf7 {[%emt 0:00:35]} 61. Kb4 {[%emt 0:00:51]} Nd7 {[%emt 0:00:41]} 62. Kb5 {[%emt 0:00:21]} Ke7 {[%emt 0:00:36]} 63. h5 {[%emt 0:02:13]} Kd8 {[%emt 0:00:08]} 64. g6 {[%emt 0:00:15]} 1-0

[Event "2nd Irena Warakomska Memorial-A"]
[Site "Suwalki"]
[Date "2018.08.03"]
[Round "4"]
[White "Stupak, Kirill"]
[Black "Grib, Roman"]
[Result "1-0"]
[WhiteElo "2573"]
[BlackElo "2431"]
[Annotator "RC"]
[PlyCount "93"]
[EventDate "2018.08.01"]
[EventType "swiss"]
[EventCountry "POL"]
[SourceTitle "playchess.com"]
[Source "ChessBase"]
[SourceQuality "1"]
[TimeControl "40/5400+30:1800+30"]

1. d4 {[%emt 0:02:32]} Nf6 {[%emt 0:00:00]} 2. c4 {[%emt 0:00:04]} e6 {[%emt 0:00:32]} 3. Nc3 {[%emt 0:00:39]} Bb4 {[%emt 0:00:11]} 4. g3 {[%emt 0:00:05]} O-O {[%emt 0:02:32]} 5. Bg2 {[%emt 0:00:07]} d5 {[%emt 0:00:08]} 6. cxd5 {[%emt 0:00:05]} exd5 {[%emt 0:00:15]} 7. e3 {[%emt 0:00:05]} c6 {[%emt 0:02:13]} 8. Nge2 {[%emt 0:00:05]} Re8 {[%emt 0:00:05]} 9. O-O {[%emt 0:00:04]} Nbd7 {[%emt 0:01:05]} 10. f3 {[%emt 0:03:44]} c5 {[%emt 0:03:17]} 11. a3 {[%emt 0:01:06]} Ba5 {[%emt 0:00:42]} 12. b4 {[%emt 0:10:00]} cxd4 {[%emt 0:02:09]} 13. Nxd4 {[%emt 0:00:42]} Bb6 {[%emt 0:02:17]} 14. f4 {[%emt 0:00:50]} Nb8 {[%emt 0:10:26]} 15. Nb3 {[%emt 0:10:12]} Bxe3+ {[%emt 0:05:04]} 16. Bxe3 {[%emt 0:01:02]} Rxe3 {[%emt 0:00:05]} 17. Nxd5 {[%emt 0:01:25]} Nxd5 {[%emt 0:00:53]} 18. Qxd5 {[%emt 0:01:25]} Nc6 {[%emt 0:05:49]} 19. Nc5 {[%emt 0:08:46]} Rb8 {[%emt 0:17:05]} 20. Qxd8+ {[%emt 0:11:02]} Nxd8 {[%emt 0:00:04]} 21. f5 {[%emt 0:00:04]} g6 {[%emt 0:01:48]} 22. f6 {[%emt 0:03:26]} b6 {[%emt 0:01:46]} 23. Rfe1 {[%emt 0:07:57]} Rxe1+ {[%emt 0:00:17]} 24. Rxe1 {[%emt 0:00:01]} Ne6 {[%emt 0:09:09]} 25. Nd3 {[%emt 0:00:30]} Ba6 {[%emt 0:04:58]} 26. Ne5 {[%emt 0:00:16]} Rd8 {[%emt 0:03:01]} 27. Nc6 {[%emt 0:05:15]} Rd3 {[%emt 0:07:31]} 28. a4 {[%emt 0:00:12]} Kf8 {[%emt 0:00:50]} 29. Nxa7 {[%emt 0:02:11]} Rd7 {[%emt 0:00:22]} 30. Nc6 {[%emt 0:00:18]} Rd6 {[%emt 0:00:19]} 31. Rc1 {[%emt 0:05:07]} Ke8 {[%emt 0:02:12]} 32. h4 {[%emt 0:09:15]} Bb7 {[%emt 0:03:04]} 33. Ne5 {[%emt 0:09:22]} Bxg2 {[%emt 0:00:19]} 34. Kxg2 {[%emt 0:00:01]} Nd8 {[%emt 0:01:30]} 35. Rc8 {[%emt 0:02:02]} Re6 {[%emt 0:05:17]} 36. Nxf7 {[%emt 0:01:42]} Kxf7 {[%emt 0:00:11]} 37. Rxd8 {[%emt 0:00:01]} Re2+ {[%emt 0:01:43]} 38. Kf3 {[%emt 0:00:59]} Ra2 {[%emt 0:00:04]} 39. Rd6 {[%emt 0:00:47]} Rxa4 {[%emt 0:00:07]} 40. Rxb6 {[%emt 0:00:00]} Ra3+ {[%emt 0:00:00]} 41. Kf4 {[%emt 0:00:33]} h5 {[%emt 0:01:01]} 42. b5 {[%emt 0:12:51]} Rb3 {[%emt 0:00:40]} 43. Ke5 {[%emt 0:00:17]} Re3+ {[%emt 0:00:05]} 44. Kd6 {[%emt 0:00:10]} Rxg3 {[%emt 0:00:25]} 45. Rc6 {[%emt 0:01:23]} g5 {[%emt 0:06:23]} 46. hxg5 {[%emt 0:05:03]} Rxg5 {[%emt 0:00:05]} 47. b6 {[%emt 0:00:11]} 1-0

[Event "2nd Irena Warakomska Memorial-A"]
[Site "Suwalki"]
[Date "2018.08.03"]
[Round "4"]
[White "Bernadskiy, Vitaliy"]
[Black "Rahul, Srivatshav P"]
[Result "1-0"]
[WhiteElo "2544"]
[BlackElo "2388"]
[Annotator "RC"]
[PlyCount "131"]
[EventDate "2018.08.01"]
[EventType "swiss"]
[EventCountry "POL"]
[SourceTitle "playchess.com"]
[Source "ChessBase"]
[SourceQuality "1"]
[TimeControl "40/5400+30:1800+30"]

1. d4 {[%emt 0:02:05]} Nf6 {[%emt 0:00:00]} 2. c4 {[%emt 0:00:05]} g6 {[%emt 0:00:00]} 3. Nc3 {[%emt 0:00:04]} Bg7 {[%emt 0:00:04]} 4. e4 {[%emt 0:00:03]} d6 {[%emt 0:00:08]} 5. Nge2 {[%emt 0:00:16]} O-O {[%emt 0:00:19]} 6. Ng3 {[%emt 0:00:02]} e5 {[%emt 0:01:38]} 7. d5 {[%emt 0:00:04]} a5 {[%emt 0:00:30]} 8. Be2 {[%emt 0:00:49]} Na6 {[%emt 0:02:49]} 9. h4 {[%emt 0:00:08]} h5 {[%emt 0:02:41]} 10. Bg5 {[%emt 0:00:04]} Qe8 {[%emt 0:02:11]} 11. Qd2 {[%emt 0:00:27]} Nh7 {[%emt 0:00:41]} 12. Be3 {[%emt 0:01:20]} Bd7 {[%emt 0:04:38]} 13. O-O-O {[%emt 0:01:43]} a4 {[%emt 0:06:09]} 14. Rdg1 {[%emt 0:06:25]} Nc5 {[%emt 0:10:10]} 15. Bh6 {[%emt 0:18:28]} Qe7 {[%emt 0:20:54]} 16. Be3 {[%emt 0:12:31]} b6 {[%emt 0:05:27]} 17. Nf1 {[%emt 0:05:08]} f5 {[%emt 0:10:08]} 18. exf5 {[%emt 0:00:45]} gxf5 {[%emt 0:00:04]} 19. Ng3 f4 {[%emt 0:04:37]} 20. Bxc5 {[%emt 0:33:25]} fxg3 {[%emt 0:01:32]} 21. Be3 {[%emt 0:00:05]} gxf2 {[%emt 0:00:46]} 22. Rf1 {[%emt 0:00:05]} e4 {[%emt 0:01:57]} 23. a3 {[%emt 0:03:35]} Nf6 {[%emt 0:07:29]} 24. Rxf2 {[%emt 0:00:08]} Ng4 {[%emt 0:00:13]} 25. Rxf8+ {[%emt 0:00:02]} Rxf8 {[%emt 0:01:48]} 26. Bxg4 {[%emt 0:00:10]} hxg4 {[%emt 0:00:04]} 27. h5 {[%emt 0:00:33]} Kh7 {[%emt 0:02:49]} 28. Kb1 {[%emt 0:01:03]} Qe5 {[%emt 0:01:48]} 29. Ka2 {[%emt 0:01:00]} b5 {[%emt 0:01:29]} 30. h6 {[%emt 0:01:27]} Bh8 {[%emt 0:00:29]} 31. cxb5 {[%emt 0:00:06]} Rb8 {[%emt 0:00:08]} 32. Qf2 {[%emt 0:02:52]} Qf5 {[%emt 0:01:46]} 33. Rf1 {[%emt 0:02:11]} Qxf2 {[%emt 0:03:22]} 34. Rxf2 {[%emt 0:00:02]} Kg6 {[%emt 0:00:51]} 35. Rf4 {[%emt 0:06:22]} Bf5 {[%emt 0:00:25]} 36. Bd2 {[%emt 0:00:36]} Be5 {[%emt 0:00:43]} 37. Rf1 {[%emt 0:00:13]} Bd7 {[%emt 0:01:01]} 38. b6 {[%emt 0:01:33]} Rxb6 {[%emt 0:01:24]} 39. Rf8 {[%emt 0:00:05]} Bb5 {[%emt 0:01:12]} 40. Rg8+ {[%emt 0:00:00]} Kh7 {[%emt 0:00:00]} 41. Rxg4 {[%emt 0:02:05]} Bc4+ {[%emt 0:12:39]} 42. Ka1 {[%emt 0:00:05]} Rb8 {[%emt 0:00:54]} 43. Rxe4 {[%emt 0:02:23]} Bb3 {[%emt 0:00:09]} 44. g4 {[%emt 0:04:07]} Rf8 {[%emt 0:00:37]} 45. Re1 {[%emt 0:00:05]} Rf2 {[%emt 0:11:20]} 46. Bc1 {[%emt 0:08:32]} Kg6 {[%emt 0:01:09]} 47. Rh1 {[%emt 0:00:56]} Rh2 {[%emt 0:01:53]} 48. Rxh2 {[%emt 0:02:47]} Bxh2 {[%emt 0:00:02]} 49. Nb5 {[%emt 0:00:33]} Bxd5 {[%emt 0:00:32]} 50. Nxc7 {[%emt 0:00:05]} Bc4 {[%emt 0:01:01]} 51. g5 {[%emt 0:01:00]} Be5 {[%emt 0:01:25]} 52. Bd2 {[%emt 0:02:34]} Kf7 {[%emt 0:03:12]} 53. Bc3 {[%emt 0:01:00]} Kg6 {[%emt 0:01:47]} 54. Bxe5 {[%emt 0:00:29]} dxe5 {[%emt 0:00:03]} 55. Ne8 {[%emt 0:00:26]} Bd3 {[%emt 0:00:10]} 56. Nf6 {[%emt 0:01:29]} Bc2 {[%emt 0:00:21]} 57. Ka2 {[%emt 0:03:31]} e4 {[%emt 0:01:02]} 58. Ng4 {[%emt 0:00:34]} e3 {[%emt 0:02:01]} 59. Nxe3 {[%emt 0:00:22]} Be4 {[%emt 0:00:04]} 60. Nd1 {[%emt 0:00:18]} Bc2 {[%emt 0:00:52]} 61. Nc3 {[%emt 0:00:16]} Kh7 {[%emt 0:00:48]} 62. Nxa4 {[%emt 0:02:09]} Bxa4 {[%emt 0:00:02]} 63. b4 {[%emt 0:02:14]} Kg6 {[%emt 0:00:05]} 64. Kb2 {[%emt 0:00:04]} Bd7 {[%emt 0:00:31]} 65. Kc3 {[%emt 0:00:05]} Bf5 {[%emt 0:00:09]} 66. b5 {[%emt 0:00:06]} 1-0

[Event "2nd Irena Warakomska Memorial-A"]
[Site "Suwalki"]
[Date "2018.08.03"]
[Round "4"]
[White "Ulybin, Mikhail"]
[Black "Goluch, Piotr"]
[Result "1-0"]
[WhiteElo "2512"]
[BlackElo "2301"]
[Annotator "TA"]
[PlyCount "79"]
[EventDate "2018.08.01"]
[EventType "swiss"]
[EventCountry "POL"]
[SourceTitle "playchess.com"]
[Source "ChessBase"]
[SourceQuality "1"]

{[%evp 20,79,24,0,64,64,67,45,80,53,67,79,68,74,74,65,65,59,104,56,90,16,17,0,0,19,28,16,6,-22,-15,-16,0,0,0,0,0,0,0,0,0,0,0,0,39,32,31,28,29,10,174,192,786,766,29978,29979,29979,29979,12840,12840,29994,29995]} 1. d4 Nf6 2. c4 g6 3. Nc3 Bg7 4. e4 d6 5. Nf3 O-O 6. Be2 e5 7. O-O exd4 8. Nxd4 Re8 9. f3 Nc6 10. Nc2 Nh5 11. Nd5 {LiveBook: 12 Games. E94: King's Indian: Classical: 6 Be2 e5 7 0-0: Various Black 7th moves} h6 $146 ({Black should play} 11... Ne7 $11) ({Predecessor:} 11... f5 12. g4 fxg4 13. fxg4 Be5 14. gxh5 Bxh2+ 15. Kg2 Qh4 16. Qd3 Kh8 17. Qf3 Qxe4 18. Qxe4 Rxe4 {1-0 (27) Berkes,F (2669)-Morgunov,D (2231) Neustadt an der Weinstrasse 2018}) 12. Be3 $14 Ne7 13. Qd2 {White is slightly better.} Kh7 14. g4 Nxd5 15. cxd5 Nf6 16. Rac1 Qe7 17. Bf4 Bd7 18. Ne3 Qd8 19. Bd3 c6 20. Nc4 (20. dxc6 $16 Bxc6 21. Bc4) 20... cxd5 $11 21. Nxd6 dxe4 22. Nxe8 Qxe8 23. Rfe1 {[%cal Rd3e4] And now Bxe4 would win.} Bc6 {aiming for ...Rd8.} 24. Bxe4 Nxe4 25. fxe4 Qe6 26. h3 Qxa2 27. e5 Qb3 28. Re3 Qb6 29. Rd1 Bf3 {[#] ...g5 is the strong threat.} 30. Rf1 Rd8 31. Qf2 Bd1 32. e6 $36 {[%mdl 2048] White has some pressure.} fxe6 33. Be5 {[#] Hoping for Bxg7.} Rf8 34. Qg3 Rxf1+ $2 (34... Bf3 $11 {and Black is okay.} 35. Rfxf3 Bxe5) 35. Kxf1 $18 {Black must now prevent Bxg7.} Qa6+ $2 (35... Ba4 36. Bxg7 Bb5+ 37. Kf2 Kxg7) 36. Ke1 Ba4 37. Bxg7 Kxg7 38. Qc7+ Kg8 39. Qd8+ Kg7 40. Rf3 {Precision: White = 70%, Black = 36%.} 1-0

[Event "2nd Irena Warakomska Memorial-A"]
[Site "Suwalki"]
[Date "2018.08.03"]
[Round "4"]
[White "Warakomski, Tomasz"]
[Black "Roy, Prantik"]
[Result "1-0"]
[WhiteElo "2512"]
[BlackElo "2377"]
[Annotator "TA"]
[PlyCount "59"]
[EventDate "2018.08.01"]
[EventType "swiss"]
[EventCountry "POL"]
[SourceTitle "playchess.com"]
[Source "ChessBase"]
[SourceQuality "1"]

{[%evp 9,59,4,11,12,26,33,23,24,31,25,20,2,98,72,106,104,114,129,162,163,241,225,235,223,359,366,368,346,352,352,408,395,366,414,412,411,405,415,408,406,408,396,371,289,412,337,345,330,790,785,763,764]} 1. e4 e5 2. Nc3 Nf6 3. g3 Bb4 4. Bg2 d6 (4... Bxc3 5. bxc3 d6 6. d3 Nc6 7. Nf3 h6 8. O-O Bg4 9. h3 Be6 10. c4 Qd7 11. Kh2 g5 12. Ng1 {1-0 (82) Pridorozhni,A (2565)-Predke,A (2601) Sochi 2017}) 5. Nge2 Nc6 {LiveBook: 3 Games} 6. a3 {C26: Vienna Game: 2...Nf6, sidelines} Ba5 7. b4 Bb6 8. Na4 {White has an edge.} Be6 9. Bb2 $146 ({Predecessor:} 9. c3 Qd7 10. Qc2 a6 11. Nxb6 cxb6 12. d4 Ne7 {1-0 (46) Chivu,R (1308)-Anusca,D (1230) Calimanesti Caciulata 2016}) 9... Qd7 10. h3 Ne7 (10... d5 $1 $11 {remains equal.}) 11. Nxb6 $16 axb6 12. f4 exf4 13. gxf4 Qc8 14. d3 d5 (14... Qd8 {keeps fighting.} 15. Kd2 Bc8) 15. f5 $18 Bd7 16. e5 {[%cal Be4e5,Be5f6,Bf6g7][%mdl 32]} Nxf5 (16... Nh5 $142) 17. exf6 Ne3 18. Qd2 Nxg2+ 19. Kf2 Bxh3 {[#] White must now prevent ...Qf5+.} 20. fxg7 Qf5+ 21. Kg1 (21. Qf4 Nxf4 22. gxh8=Q+ Kd7 $11) 21... Rg8 {Threatening ...Qg4.} 22. Ng3 Qe6 {[#]} 23. Rxh3 $1 {[%mdl 512]} Qxh3 24. Qxg2 Qe6 25. Kf2 O-O-O 26. Re1 Qg6 (26... Qg4 $142 27. Ne2 Qe6) 27. Qh3+ Kb8 28. Nf5 Rge8 $2 (28... d4 29. Bxd4 Rxd4 30. Nxd4 Qxg7) 29. Ne7 Qg5 30. Qg3 {Precision: White = 95%, Black = 33%.} 1-0

[Event "2nd Irena Warakomska Memorial-A"]
[Site "Suwalki"]
[Date "2018.08.03"]
[Round "4"]
[White "Nasuta, Grzegorz"]
[Black "Kowalski, Igor"]
[Result "1-0"]
[WhiteElo "2497"]
[BlackElo "2294"]
[Annotator "RC"]
[PlyCount "67"]
[EventDate "2018.08.01"]
[EventType "swiss"]
[EventCountry "POL"]
[SourceTitle "playchess.com"]
[Source "ChessBase"]
[SourceQuality "1"]
[TimeControl "40/5400+30:1800+30"]

1. e4 {[%emt 0:00:00]} e5 {[%emt 0:00:00]} 2. Nf3 {[%emt 0:00:03]} Nc6 {[%emt 0:00:00]} 3. Bb5 {[%emt 0:00:21]} a6 {[%emt 0:00:00]} 4. Ba4 {[%emt 0:00:09]} Nf6 {[%emt 0:00:01]} 5. O-O {[%emt 0:00:30]} b5 {[%emt 0:00:06]} 6. Bb3 {[%emt 0:00:07]} Bc5 {[%emt 0:00:03]} 7. a4 {[%emt 0:02:17]} Rb8 {[%emt 0:00:14]} 8. c3 {[%emt 0:06:36]} d6 {[%emt 0:00:05]} 9. d4 {[%emt 0:00:06]} Bb6 {[%emt 0:00:05]} 10. a5 {[%emt 0:03:02]} Ba7 {[%emt 0:00:04]} 11. h3 {[%emt 0:00:16]} O-O {[%emt 0:01:34]} 12. Be3 {[%emt 0:01:30]} Ra8 {[%emt 0:00:29]} 13. Nbd2 {[%emt 0:04:58]} Bb7 {[%emt 0:03:19]} 14. Re1 {[%emt 0:07:54]} h6 {[%emt 0:05:27]} 15. Qb1 {[%emt 0:17:07]} exd4 {[%emt 0:03:10]} 16. cxd4 {[%emt 0:00:38]} Nb4 {[%emt 0:00:21]} 17. e5 {[%emt 0:08:28]} dxe5 {[%emt 0:07:43]} 18. dxe5 {[%emt 0:04:45]} Bxe3 {[%emt 0:00:09]} 19. fxe3 {[%emt 0:14:37]} Nfd5 {[%emt 0:03:07]} 20. Ne4 {[%emt 0:00:08]} Qe7 {[%emt 0:01:49]} 21. Rc1 {[%emt 0:00:07]} Rad8 {[%emt 0:03:29]} 22. Nc5 {[%emt 0:00:07]} Ba8 {[%emt 0:00:51]} 23. Qe4 {[%emt 0:00:29]} Kh8 {[%emt 0:38:23]} 24. Kh1 {[%emt 0:02:15]} g5 {[%emt 0:04:38]} 25. e6 {[%emt 0:08:13]} f6 {[%emt 0:04:02]} 26. Qg6 {[%emt 0:01:30]} Rfe8 {[%emt 0:05:46]} 27. e4 {[%emt 0:01:17]} Nf4 {[%emt 0:02:08]} 28. Qxh6+ {[%emt 0:00:09]} Qh7 {[%emt 0:00:17]} 29. Qxf6+ {[%emt 0:01:11]} Qg7 {[%emt 0:00:05]} 30. Qxg7+ {[%emt 0:04:09]} Kxg7 {[%emt 0:00:05]} 31. Nxg5 {[%emt 0:00:08]} Rd2 {[%emt 0:00:18]} 32. Rf1 {[%emt 0:03:22]} Ne2 {[%emt 0:00:39]} 33. Rf2 {[%emt 0:03:56]} Rxb2 {[%emt 0:00:53]} 34. Re1 {[%emt 0:01:32]} 1-0

[Event "2nd Irena Warakomska Memorial-A"]
[Site "Suwalki"]
[Date "2018.08.03"]
[Round "4"]
[White "Koziak, Vitali"]
[Black "Socko, Bartosz"]
[Result "1/2-1/2"]
[WhiteElo "2476"]
[BlackElo "2611"]
[Annotator "TA"]
[PlyCount "146"]
[EventDate "2018.08.01"]
[EventType "swiss"]
[EventCountry "POL"]
[SourceTitle "playchess.com"]
[Source "ChessBase"]
[SourceQuality "1"]

{[%evp 17,146,-31,-29,-48,-43,-32,-33,-36,0,0,0,-12,-16,-29,-20,-62,-57,-69,-16,-83,-80,-98,-87,-94,-94,-98,-100,-107,-83,-97,-31,-108,-55,-58,-26,-24,-8,-40,-35,-40,-20,-32,-25,-23,-19,-35,-5,-7,-10,-20,-14,-31,0,-22,-30,-57,-29,-46,-31,-33,-21,-21,-21,-36,-42,-76,-39,-79,-98,-524,-509,-575,-333,-353,0,0,0,0,0,0,0,0,0,0,0,0,0,0,0,0,0,0,0,-16,-18,-8,589,580,644,638,595,592,29989,977,4627,4627,4627,1071,4622,4614,29968,29967,5112,620,608,601,522,0,428,402,402,399,397,377,337,0,77,0,225,0,361]} 1. Nf3 Nf6 2. c4 e6 3. Nc3 Bb4 4. g3 O-O 5. Bg2 d5 6. Qb3 c5 7. O-O Nc6 {A17: English Opening: 1...Nf6 with ...Bb4} 8. d3 h6 9. Na4 (9. e3 b6 10. Ne2 Ba6 11. Qa4 Qc8 12. Qc2 Rd8 {½-½ (35) Mareco,S (2632)-Yakubboev,N (2462) Moscow 2018}) 9... b6 $1 {LiveBook: 4 Games. Black is slightly better.} 10. Rd1 $146 ({Predecessor:} 10. a3 Ba5 11. Rd1 Bd7 12. Nc3 d4 13. Na2 e5 14. Qc2 Re8 15. Rb1 {0-1 (28) Castro Rojas,O (2370)-Barrientos Chavarriaga,S (2513) El Bagre 2012}) 10... Qe7 11. a3 Ba5 $1 12. Qc2 Ba6 13. b3 Rac8 14. Bb2 Rfd8 15. Ne5 Bb7 $36 {[%mdl 2048] Black is pushing.} 16. e4 d4 17. Nf3 a6 {[#]} ({Black should try} 17... e5 $15) 18. Rac1 (18. b4 $1 $11 {[%mdl 512] keeps the balance.} cxb4 19. axb4 Bxb4 20. Nxb6) 18... Nd7 $17 19. Ba1 Rc7 20. Qb1 e5 21. Nh4 g6 22. Bh3 Ncb8 23. Rf1 b5 (23... Bc8 $17) 24. Nb2 (24. cxb5 $15 axb5 25. Nb2) 24... Nb6 ({Better is} 24... Bc3 $17 25. cxb5 axb5) 25. Rc2 Bc3 26. Nd1 b4 27. Bb2 Bxb2 28. Rxb2 bxa3 29. Ra2 Nc6 30. Rxa3 Nb4 31. Nb2 Nc8 32. Qc1 Kg7 33. Qd2 Bc6 34. Ra5 Nd6 35. Raa1 Rb8 36. Na4 Bxa4 37. Rxa4 Rb6 38. Rfa1 Nc6 39. Rxa6 Rxb3 40. R1a3 Rb1+ 41. Kg2 Nb4 42. Ra8 Rb7 $1 43. Rh8 $2 {[%mdl 8192]} (43. Bc8 $17 Nxc8 44. Rxc8) 43... Qg5 $1 $19 {[%cal Rg5d2]} (43... Kxh8 $2 44. Nxg6+ Kg7 45. Nxe7 $18) 44. f4 exf4 45. Nf3 Nxd3 $2 ({And not} 45... Qh5 46. g4 $11) (45... Qe7 $1 $19 46. Raa8 Nxd3 47. Rhg8+ Kf6 48. e5+ Qxe5 $1 {[%mdl 512]} 49. Nxe5 R7b2 50. Ng4+ Kg5 51. Qxb2 f3+ 52. Kxf3 Rxb2) 46. Nxg5 $11 Ne1+ 47. Qxe1 $1 (47. Kf2 $2 hxg5 48. Qxe1 Rxe1 $19) 47... Rxe1 48. Rh7+ Kf6 49. gxf4 {e5+ is the strong threat.} Rb2+ 50. Kf3 hxg5 51. e5+ {[#]} Rxe5 $1 {[%mdl 512]} 52. fxe5+ Kxe5 {Threatens to win with ...Ne4.} 53. Ra7 {aiming for Re7+.} f5 54. Rae7+ Kf6 55. Bg2 g4+ 56. Kg3 {Strongly threatening Bd5.} Nxc4 $2 {[%mdl 8192]} (56... f4+ $11 {and Black has nothing to worry.} 57. Kxg4 Rxg2+ 58. Kxf4 Rf2+ 59. Kg3 Rc2) 57. h4 $1 $18 {[%csl Ge7][%cal Rh7f7]} gxh3 58. Kh4 {[%csl Ge7][%cal Rh7f7]} Ne5 59. Bd5 {[%csl Gd5][%cal Re7e6]} f4 60. Re8 (60. Re6+ $142 Kf5 61. Rhe7 g5+ 62. Kh5 f3 63. Rxe5+ Kf4 64. Rxg5 Re2 65. Rf7+ Ke3 66. Rxf3+ Kd2 67. Rxh3) 60... h2 61. Rf8+ Nf7 62. Rfxf7+ Ke5 63. Bf3 {White threatens Re7+ and mate.} d3 64. Rd7 Rb1 65. Rhe7+ Kf6 66. Rf7+ Ke5 67. Rfe7+ Kf6 68. Kh3 h1=R+ 69. Bxh1 Rxh1+ 70. Kg2 Rc1 71. Rf7+ $2 (71. Rh7 $1 $18 {is the precise move to win.}) 71... Ke6 $1 $16 {[#]} 72. Rfe7+ (72. Rde7+ $1 $16 Kd6 73. Re8 (73. Rd7+ Ke6 $16)) 72... Kf6 $18 {[#]} 73. Rf7+ $2 (73. Rh7 $1 $18) 73... Ke5 $2 {[%mdl 40960] Precision: White = 51%, Black = 47%. . An unexpected result.} (73... Ke6 $1 $11) 1/2-1/2